| 000 | 01375nam a2200229Ia 4500 | ||
|---|---|---|---|
| 003 | Ost | ||
| 005 | 20260507075612.0 | ||
| 008 | 260507s9999||||xx |||||||||||||| ||und|| | ||
| 040 | _cfsecg | ||
| 041 | _aara | ||
| 082 | _a332.76 | ||
| 100 |
_aالعكيلي، عزيز _eمؤلف |
||
| 245 | 0 |
_aإنقضاء الالتزام الثابت في الشيك : _bدراسة في التشريعات المقارنة واتفاقيات جنيف الموحدة / _c عزيز العكيلي |
|
| 260 |
_aعمان: _bالدار العلمية الدولية ودار الثقافة, _c2001 |
||
| 300 |
_a295 صفحة؛ _bإيضاحات ؛ _c24 سم |
||
| 490 |
_aالمكتبة القانونية _v424 |
||
| 504 | _aالمراجع ص.283 | ||
| 520 | _aالأحكام العامة للأوراق التجارية، ضمانات الوفاء بقيمة الشيك، مقابل الوفاء، تعبئة الشيك، التضامن المصرفي، الضمان الاحتياطي، وفاء الشيك، تقييم الشيك، انقضاء الالتزام الصرفي بغير الوفاء، انقضاء الالتزام الثابث في الشيك بغير الوفاء، السقوط، مرور الزمان المانع من سماع الدعوى، التقادم الصرفي | ||
| 653 | _aالأوراق المالية | ||
| 653 | _aالشيكات | ||
| 942 | _cكتاب | ||
| 999 |
_c45091 _d45091 |
||